书目信息 |
| 题名: |
电机学
|
|
| 作者: | 李发海 等编著 | |
| 分册: | 下册 | |
| 出版信息: | 北京 科学出版社 1982 |
|
| 页数: | ~1140页 | |
| 开本: | 19cm | |
| 丛书名: | ||
| 单 册: | ||
| 中图分类: | TM3 | |
| 科图分类: | ||
| 主题词: | 电机学 | |
| 电子资源: | ||
| ISBN: | ||
| 000 | 00601nam0 2200241 45 | |
| 001 | 0182011201 | |
| 005 | 20040521111001.7 | |
| 010 | @dCNY3.30 | |
| 091 | @a15031.459 | |
| 100 | @a19950615d1982 em y0chiy0121 ea | |
| 101 | 0 | @achi |
| 102 | @aCN@b110000 | |
| 105 | @ay z 000yy | |
| 106 | @ar | |
| 200 | 10 | @a电机学@h下册@Adian ji xue@f李发海等编著 |
| 210 | @a北京@c科学出版社@d1982 | |
| 215 | @a~1140页@d19cm | |
| 606 | @a电机学 | |
| 690 | @aTM3@v3 | |
| 701 | 0 | @a李发海@Ali fa hai@4等编著 |
| 801 | 0 | @aCN@b上海图书馆@c20040521 |
| 801 | 2 | @aCN@bNLC@c20040521 |
| 905 | @f1@b88902@dTM3@e20:2 | |
| 电机学.下册/李发海等编著.-北京:科学出版社,1982 |
| ~1140页;19cm |
| ISBN :CNY3.30 |
| ● |
| 相关链接 |
|
|
|
|
正题名:电机学
索取号:TM3/20:2
 
预约/预借
| 序号 | 登录号 | 条形码 | 馆藏地/架位号 | 状态 | 备注 |
| 1 | 0088902 | 001344334 | 第三借阅区/ [索取号:TM3/20:2] | 在馆 | |
| 2 | 0088903 | 001344290 | 第二样本阅览室/ [索取号:TM3/20:2] | 在馆 |